Los cambios y el pago en oro de los derechos de Aduanas / (Record no. 96017)

MARC details
000 -LEADER
campo de control de longitud fija 00377nam a2200133 i 4500
001 - NÚMERO DE CONTROL
campo de control 96017
003 - IDENTIFICADOR DE NÚMERO DE CONTROL
campo de control ES-MaACL
007 - CAMPO FIJO DE DESCRIPCIÓN FÍSICA--INFORMACIÓN GENERAL
campo de control de longitud fija t|
008 - DATOS DE LONGITUD FIJA--INFORMACIÓN GENERAL
campo de control de longitud fija 050609s1901 sp ||||1| spa d
100 1# - ENTRADA PRINCIPAL--NOMBRE DE PERSONA
Nombre de persona Madariaga, Rogelio de.
9 (RLIN) 75291
245 14 - MENCIÓN DEL TÍTULO
Título Los cambios y el pago en oro de los derechos de Aduanas /
Mención de responsabilidad, etc. R. Madariaga.
260 ## - PUBLICACIÓN, DISTRIBUCIÓN, ETC.
Lugar de publicación, distribución, etc. Madrid :
Nombre del editor, distribuidor, etc. Romero,
Fecha de publicación, distribución, etc. 1901.
852 ## - LOCALIZACIÓN
Ubicación ES-MaACL
Número de control de estantería T-986-F-3
Holdings
Estatus retirado Estado de pérdida Estado de daño No para préstamo Colección Biblioteca de origen Biblioteca actual Ubicación en estantería Fecha de adquisición Fuente de adquisición Total de préstamos Signatura topográfica completa Código de barras Visto por última vez Precio de reemplazo Tipo de ítem Koha
        Colección de folletos Biblioteca del Ateneo de Madrid Biblioteca del Ateneo de Madrid Depósito folletos 17/01/2008     T-986-F-3 1100252 23/02/2023 23/02/2023 Folleto